| 000 | 00465nam a2200193Ia 4500 | ||
|---|---|---|---|
| 005 | 20250505145723.0 | ||
| 008 | 008 250505s9999 xx 000 0 eng d | ||
| 037 | _aJournal | ||
| 040 |
_aFML _beng _cFML |
||
| 041 |
_aeng _2eng |
||
| 084 | _qFML | ||
| 245 | 0 | _aSangitika Journal of Indian Music 2018 Oct. | |
| 260 |
_aDelhi _bRasikapriya _c2018 |
||
| 300 | _a71p | ||
| 490 | _v9 | ||
| 650 | _aMusic | ||
| 942 | _cCR | ||
| 999 |
_c1311599 _d1311599 |
||